000 00596nam a22002297a 4500
003 UA-OsUOA
001 49485
007 ta
008 20071008b un ||||| |||| 00| 0 ukr d
100 _aСтальский С.
090 _a821.161.1
_bС76
942 _cBK
040 _aUA-OsUOA
_brus
_cUA-OsUOA
_dUA-OsUOA
245 _aИзбранное
300 _a231 с.
955 _a3
041 _arus
080 _a821.161.1
260 _aМ.
_bСоветский писатель
_c1949
650 7 _a82 Література. Літературознавство
_2UDC
999 _c335589
_d335589